000 00944cam a2200265 a 4500
999 _c411
_d411
001 669901
003 GZU
005 20200723113126.0
008 950110s1995 mnuab b 001 0 eng
010 _a 95005018
020 _a0800628039 (alk. paper)
040 _aDLC
_cDLC
_dDLC
050 0 0 _aBS2330.2
_b.P69 1995
082 0 0 _a225.6/1
_220
100 1 _aPregeant, Russell.
245 1 0 _aEngaging the New Testament :
_ban interdisciplinary introduction /
_cRussell Pregeant.
260 _aMinneapolis :
_bFortress Press,
_cc1995.
300 _axxv, 581 p. :
_bill., maps ;
_c23 cm.
504 _aIncludes bibliographical references and indexes.
630 0 0 _aBible.
_pNew Testament
_vIntroductions.
630 0 0 _aBible.
_pNew Testament
_vTextbooks.
906 _a7
_bcbc
_corignew
_d1
_eocip
_f19
_gy-gencatlg
942 _2lcc
_cBK
_h2330
_iPRE
_kBS
_m1995